| 000 | 01114cam a2200205 4500 | ||
|---|---|---|---|
| 008 | 030828n2003 000 0 eng u | ||
| 035 | _a(Sirsi) u123391 | ||
| 245 | _aLearning and the built environment | ||
| 260 | _c2003 | ||
| 490 |
_aDCMS News Release _v(100/03) 28 August 2003 (2) |
||
| 520 | _aA joint initiative has been announced by government to make better use of the built environment as a tool for learning. A committee has been set up to advise on how to promote the contemporary and historic environment as an educational resource and will report back in a year's time. Two of the areas the committee will focus on are indentifying ways of promoting built environment-related careers in schools and further education establishments and contributing to community-led regeneration. http://www.culture.gov.uk/global/press_notices/archive_2003/dcms100_03.htm | ||
| 590 | _aWB | ||
| 650 | _aBUILT ENVIRONMENT | ||
| 650 | _aREGENERATION | ||
| 650 | _aCAREERS, EDUCATION AND TRAINING | ||
| 650 | _aSCHOOLS | ||
| 650 | _aFURTHER EDUCATION | ||
| 690 | _aCAREERS, EDUCATION AND TRAINING | ||
| 942 | _n0 | ||
| 999 |
_c73294 _d73294 |
||